000 00415cam a2200181ua 4500
020 _c1.50
041 _aeng
_h
082 _a828.09
_bMUL/DR
100 _aMullik B R , .
245 _aDryden`s All For Love /
_cMullik.
_hTextual Documents
250 _a2 /
_b.
260 _aDelhi :
_bS chand & co ,
_c1965.
300 _a61 ; .
365 _a1.50
504 _a
942 _cBK
999 _c2768
_d2768